000 00708nam a2200253Ia 4500
003 OSt
005 20220918230501.0
006 a|||||r|||| 00| 0
007 ta
008 220917b |||||||| |||| 00| 0 eng d
024 _a254,052
037 _cTextual
040 _aARTS
_cARTS
_beng
041 _2eng
_aeng
082 _aV61:1:N7, L2
100 _aMarsh Zoe
_9152705
245 0 _aHistory of east Africa
_b An introductory survey
260 _aCambridge
_bCambridge University Press USA
_c1972
300 _a217p.
_ccm.
650 _aHISTORY
700 _a Kingsnorth G. W.
_9115606
942 _hV61:1:N7, L2
_cTEXL
_2CC
999 _c288173
_d288173